000 01186cam a22002054a 4500
005 20250605164049.0
008 250528s ||||||||||||||||||||||||d
035 _a17203
020 _a131915525
040 _aGR-AtMCL
_bgre
_dGR-AtMCL
_eAACR2
245 1 _aTourism / A New Perspective
260 _bPrentice Hall,
_c1995
300 _a240
520 _aThis book sets out to introduce the subject of tourism, challenge conventional wisdom about it and address its ''problematique'', particularly how tourism integrates within a global system of development and impact. Introduction, Supply and Demand: The Commoditization of Tourism, Motivation and Tourists' Perspectives and Marketing, Globalization and the North-South Debate and Tourism Employment, Commodities and Culture and the Division of Labor, Economic Impacts of Tourism, Progress: From Rice Paddy to Golf Green - Environmental Issues and Tourism, Planning: Retrospection and Interventions and Approaches, Alternative and Sustainable Tourism Development - The Way Forward?, References, Index.
700 1 _aBurns Peter
_93365
700 1 _aHolden Andrew
_93366
942 _cBK
999 _c2637
_d2637